000
00316nam a22001457a 4500
008
210531b ||||| |||| 00| 0 eng d
020
_a
021898630186
041
_a
eng
080
_a
510
082
_a
510
100
_a
38
101
_a
MAT
245
_a
Helping your Child with Math
_c
Sol Weiss
942
_2
udc
_c
BK
999
_c
57863
_d
57863